Sports Quiz

Random Sports or Soccer Quiz
Score 0/27 Timer 05:00
0 Plays Today
Player % Correct
Simone Vergassola
92%
Massimo Maccarone
88%
Enrico Chiesa
88%
Alexander Manninger
84%
Houssine Kharja
80%
Tomas Locatelli
80%
Simone Loria
80%
Mario Beretta
76%
Valerio Bertotto
76%
Daniele Portanova
60%
Daniele Galloppa
60%
Paolo De Ceglie
60%
Dimitrios Eleftheropoulos
56%
Christian Riganò
56%
Player % Correct
Cristian Bucchi
48%
Mario Frick
44%
Paul Codrea
36%
Daniele Corvia
36%
Andrea Rossi
36%
Lukáš Jarolím
32%
Alberto
28%
Luca Rossettini
24%
Daniele Ficagna
24%
Manuel Coppola
20%
Leandro Grimi
12%
Fernando Forestieri
12%
Caetano
0%
Remove Ads.
Support Sporcle.
Get the best of Sporcle when you Go Orange. This ad-free experience offers more features, more stats, and more fun while also helping to support Sporcle. Thank you for becoming a member.

You're not logged in!

Compare scores with friends on all Sporcle quizzes.
OR
Log In

Sporcle TV

Today on Sporcle TV


Watch our educational content, quiz creation guides, and fun videos on Sporcle TV.

Show Comments

Extras

Created May 8, 2020ReportNominate
Tags:Soccer Quiz, Serie A

Top Quizzes Today


Score Distribution

Paid Content

Your Account Isn't Verified!

In order to create a playlist on Sporcle, you need to verify the email address you used during registration. Go to your Sporcle Settings to finish the process.

Report this User

Report this user for behavior that violates our Community Guidelines.

Details: